[Event "American Continental 19th"]
[Site "Foz do Iguacu"]
[Date "2025.05.30"]
[Round "10"]
[White "Coro, Lucas"]
[Black "Rojas Salas, Steven Javier"]
[Result "1/2-1/2"]
[WhiteElo "2434"]
[BlackElo "2343"]
[PlyCount "58"]
[EventDate "2025.05.23"]
[EventType "swiss"]
[EventRounds "11"]
[EventCountry "BRA"]
[SourceTitle "CB23_2025"]
[SourceDate "2025.06.04"]
[SourceVersion "1"]
[SourceVersionDate "2025.06.04"]
[SourceQuality "1"]

1. Nf3 d5 2. g3 c5 3. Bg2 Nf6 4. 0-0 g6 5. c4 Bg7 6. d4 cxd4 7. cxd5 Nxd5 8. Nxd4 0-0 9. Nb5 a6 10. N1c3 e6 11. Nxd5 axb5 12. Nc3 b4 13. Ne4 Nc6 14. Bg5 Qd4 15. Qxd4 Bxd4 16. Bf6 Bxf6 17. Nxf6+ Kg7 18. Ne4 Rd8 19. e3 f5 20. Nc5 Rd2 21. a3 Rxb2 22. Bxc6 bxc6 23. axb4 Rxa1 24. Rxa1 Rxb4 25. Ra7+ Kf6 26. Rc7 Rb5 27. Rxc6 Bb7 28. Nxb7 Rxb7 29. h4 Ra7 1/2-1/2

[Event "American Continental 19th"]
[Site "Foz do Iguacu"]
[Date "2025.05.25"]
[Round "4"]
[White "Coro, Lucas"]
[Black "Jacobson, Brandon"]
[Result "1/2-1/2"]
[WhiteElo "2434"]
[BlackElo "2582"]
[PlyCount "106"]
[EventDate "2025.05.23"]
[EventType "swiss"]
[EventRounds "11"]
[EventCountry "BRA"]
[SourceTitle "CB23_2025"]
[SourceDate "2025.06.04"]
[SourceVersion "1"]
[SourceVersionDate "2025.06.04"]
[SourceQuality "1"]

1. Nf3 Nf6 2. g3 g6 3. Bg2 Bg7 4. 0-0 0-0 5. d3 d5 6. Nc3 d4 7. Na4 e5 8. c3 Re8 9. a3 a5 10. Bd2 Nc6 11. Rc1 dxc3 12. Nxc3 Nd4 13. Bg5 h6 14. Bxf6 Bxf6 15. Nd2 Bg7 16. e3 Ne6 17. Qc2 h5 18. h4 g5 19. hxg5 Nxg5 20. Nce4 Nxe4 21. Nxe4 c6 22. Kh2 h4 23. Rh1 hxg3+ 24. Nxg3 Re6 25. Be4 Qg5 26. Kg2 Rh6 27. Rxh6 Bxh6 28. Rh1 Be6 29. Rh5 Qg7 30. Qc3 Re8 31. Bf5 Bd5+ 32. Kh2 Bf3 33. Rh3 Qf6 34. Qc4 e4 35. d4 Kg7 36. Qc2 Rh8 37. Bxe4 Bg4 38. Nf5+ Kf8 39. Qc5+ Ke8 40. Nd6+ Kd8 41. Nxf7+ Qxf7 42. Qd6+ Kc8 43. Rxh6 Qxf2+ 44. Bg2 Rxh6+ 45. Qxh6 Bd7 46. b4 a4 47. Qh8+ Kc7 48. Qe5+ Kc8 49. Qh8+ Kc7 50. Qe5+ Kc8 51. Qh8+ Kc7 52. Qe5+ Kc8 53. Qf4 Qb2 1/2-1/2

[Event "American Continental 19th"]
[Site "Foz do Iguacu"]
[Date "2025.05.24"]
[Round "3"]
[White "Garmendia Vega, Gabriel"]
[Black "Coro, Lucas"]
[Result "0-1"]
[WhiteElo "2100"]
[BlackElo "2434"]
[PlyCount "69"]
[EventDate "2025.05.23"]
[EventType "swiss"]
[EventRounds "11"]
[EventCountry "BRA"]
[SourceTitle "CB23_2025"]
[SourceDate "2025.06.04"]
[SourceVersion "1"]
[SourceVersionDate "2025.06.04"]
[SourceQuality "1"]

1. d4 Nf6 2. c4 g6 3. Nc3 Bg7 4. e4 d6 5. Be2 0-0 6. Be3 c5 7. d5 e6 8. Nf3 exd5 9. cxd5 Bg4 10. Nd2 Bxe2 11. Qxe2 Re8 12. 0-0 Na6 13. h3 Nc7 14. a4 Na6 15. Rac1 Nb4 16. Qc4 Nd7 17. f4 f5 18. Rfe1 fxe4 19. Ndxe4 Nb6 20. Qf1 N4xd5 21. Bd2 Nb4 22. a5 d5 23. axb6 dxe4 24. Qc4+ Kh8 25. Nxe4 Qd4+ 26. Kh2 Nd3 27. Qf7 Rf8 28. Qxb7 Rab8 29. Qxa7 Qd5 30. Bc3 Rb7 31. Bxg7+ Kxg7 32. Nc3 Qf7 33. Qa6 Nxc1 34. Rxc1 Qxf4+ 35. g3 0-1

[Event "American Continental 19th"]
[Site "Foz do Iguacu"]
[Date "2025.05.23"]
[Round "1"]
[White "Calcada, Lucas Galvan"]
[Black "Coro, Lucas"]
[Result "0-1"]
[WhiteElo "1967"]
[BlackElo "2434"]
[PlyCount "80"]
[EventDate "2025.05.23"]
[EventType "swiss"]
[EventRounds "11"]
[EventCountry "BRA"]
[SourceTitle "CB23_2025"]
[SourceDate "2025.06.04"]
[SourceVersion "1"]
[SourceVersionDate "2025.06.04"]
[SourceQuality "1"]

1. c4 g6 2. Nc3 Bg7 3. g3 Nf6 4. Bg2 0-0 5. e4 c5 6. Nge2 Nc6 7. 0-0 d6 8. d3 Bg4 9. h3 Bxe2 10. Nxe2 Ne8 11. Rb1 Nc7 12. Be3 Ne6 13. Qd2 Rb8 14. f4 Ned4 15. Bxd4 Bxd4+ 16. Kh2 Bg7 17. a3 a5 18. a4 e6 19. b3 Qe7 20. Rbe1 Rbe8 21. e5 dxe5 22. Bxc6 bxc6 23. Qxa5 Rb8 24. fxe5 Bxe5 25. Nc1 Qg5 26. Rg1 h5 27. Re4 h4 28. Ne2 Rxb3 29. Kh1 Bxg3 30. Nxg3 hxg3 31. Rg4 Qf5 32. R4xg3 Rxd3 33. Qc7 Rfd8 34. Qxc6 Rxg3 35. Rxg3 Qf1+ 36. Kh2 Rd2+ 37. Rg2 Qf4+ 38. Kh1 Rd1+ 39. Rg1 Rd3 40. Qg2 Qh6 0-1

[Event "Mar del Plata op 54th"]
[Site "Mar del Plata"]
[Date "2025.04.18"]
[Round "8"]
[White "Coro, Lucas"]
[Black "Herrera, Martin"]
[Result "1-0"]
[WhiteElo "2424"]
[BlackElo "2144"]
[PlyCount "129"]
[EventDate "2025.04.12"]
[EventType "swiss"]
[EventRounds "9"]
[EventCountry "ARG"]
[SourceTitle "CB17_2025"]
[SourceDate "2025.04.23"]
[SourceVersion "1"]
[SourceVersionDate "2025.04.23"]
[SourceQuality "1"]

1. Nf3 d5 2. g3 g6 3. Bg2 Bg7 4. d3 e5 5. 0-0 Ne7 6. c4 Nbc6 7. cxd5 Nxd5 8. Nc3 Nb6 9. Bg5 f6 10. Be3 0-0 11. a4 a5 12. d4 Be6 13. dxe5 fxe5 14. Ng5 Qxd1 15. Rfxd1 Bb3 16. Bxb6 Bxd1 17. Bd5+ Kh8 18. Bc5 Bc2 19. Bxf8 Bxf8 20. Rc1 Bf5 21. Nb5 Be7 22. h4 h6 23. Nxc7 Rc8 24. Nf7+ Kg7 25. Nb5 Nb4 26. Rxc8 Nxd5 27. Nfd6 Bxc8 28. Nxc8 Bb4 29. e4 Nf6 30. Ncd6 Kf8 31. f3 Ke7 32. Nc4 Nd7 33. Kf1 Nc5 34. Nxe5 Nxa4 35. Nd3 Bd6 36. f4 Nc5 37. Nf2 Na4 38. Nd1 Bc5 39. Ke2 Kd7 40. b3 Nb6 41. Ndc3 Kc6 42. Na7+ Kc7 43. e5 h5 44. Nab5+ Kc6 45. Kd3 Bg1 46. Nd4+ Kd7 47. Nf3 Bc5 48. Ne4 Be7 49. Nc3 Bc5 50. Nd4 Bb4 51. Nc2 Bc5 52. Ne4 Bg1 53. Nd4 Nd5 54. Nf3 Ba7 55. Nd4 Nc7 56. Nf6+ Ke7 57. Kc4 Bxd4 58. Kxd4 Ke6 59. Kc5 b5 60. Kb6 a4 61. bxa4 bxa4 62. Kxc7 a3 63. Ne4 a2 64. Nc5+ Kd5 65. Nb3 1-0

[Event "Buenos Aires Faogba op 3rd"]
[Site "Buenos Aires"]
[Date "2025.04.04"]
[Round "4"]
[White "Mareco, Sandro"]
[Black "Coro, Lucas"]
[Result "1-0"]
[WhiteElo "2588"]
[BlackElo "2424"]
[PlyCount "95"]
[EventDate "2025.04.02"]
[EventType "swiss"]
[EventRounds "9"]
[EventCountry "ARG"]
[SourceTitle "CB16_2025"]
[SourceDate "2025.04.16"]
[SourceVersion "1"]
[SourceVersionDate "2025.04.16"]
[SourceQuality "1"]

1. d4 Nf6 2. c4 g6 3. Nf3 Bg7 4. g3 d6 5. Bg2 0-0 6. 0-0 c6 7. Nc3 Bf5 8. b3 Ne4 9. Bb2 a5 10. Nh4 Nxc3 11. Bxc3 Bd7 12. Qc2 Na6 13. Rad1 Nc7 14. a4 b6 15. e4 Qc8 16. d5 Bxc3 17. Qxc3 Na6 18. f4 Nc5 19. f5 cxd5 20. exd5 Bxf5 21. Nxf5 gxf5 22. Qe3 Ra7 23. Rd4 Kh8 24. Rdf4 e6 25. Qc3+ Kg8 26. Qf6 Qd8 27. Qh6 Kh8 28. Rh4 f6 29. dxe6 Nxe6 30. Rxf5 Rg7 31. Rf2 Ng5 32. Rhf4 Rg6 33. Qh5 Qd7 34. Re2 Qc7 35. Bd5 Qg7 36. Rf5 Qd7 37. Ref2 Qe8 38. Kg2 Qe3 39. Qe2 Re8 40. Qxe3 Rxe3 41. Rxf6 Rxb3 42. Rf8+ Kg7 43. c5 Rb1 44. c6 Rc1 45. Re8 Rc5 46. Re7+ Kh6 47. c7 Rc3 48. Bb7 1-0

[Event "Montevideo op 8th"]
[Site "Montevideo"]
[Date "2025.02.04"]
[Round "5"]
[White "Villca, Julian"]
[Black "Coro, Lucas"]
[Result "1/2-1/2"]
[WhiteElo "2413"]
[BlackElo "2415"]
[PlyCount "46"]
[EventDate "2025.01.31"]
[EventType "swiss"]
[EventRounds "9"]
[EventCountry "URU"]
[SourceTitle "CB08_2025"]
[SourceDate "2025.02.19"]
[SourceVersion "1"]
[SourceVersionDate "2025.02.19"]
[SourceQuality "1"]

1. c4 g6 2. Nf3 Bg7 3. Nc3 c5 4. g3 Nc6 5. Bg2 d6 6. 0-0 Bf5 7. h3 Nf6 8. d3 0-0 9. a3 Rb8 10. Rb1 a6 11. b4 cxb4 12. axb4 b5 13. cxb5 axb5 14. Be3 Qd7 15. g4 Be6 16. Ng5 Rfc8 17. Nxe6 Qxe6 18. Qd2 Qd7 19. Rfc1 e6 20. g5 Ne8 21. Ne4 Nd4 22. Bxd4 Bxd4 23. e3 Bg7 1/2-1/2

[Event "Montevideo op 8th"]
[Site "Montevideo"]
[Date "2025.02.03"]
[Round "4"]
[White "Coro, Lucas"]
[Black "Villegas, Franco"]
[Result "1-0"]
[WhiteElo "2415"]
[BlackElo "2325"]
[PlyCount "95"]
[EventDate "2025.01.31"]
[EventType "swiss"]
[EventRounds "9"]
[EventCountry "URU"]
[SourceTitle "CB08_2025"]
[SourceDate "2025.02.19"]
[SourceVersion "1"]
[SourceVersionDate "2025.02.19"]
[SourceQuality "1"]

1. e4 c5 2. Nf3 d6 3. Bb5+ Bd7 4. c4 Nf6 5. Nc3 g6 6. 0-0 Bg7 7. d4 cxd4 8. Nxd4 Nc6 9. Nf3 0-0 10. h3 Na5 11. Qd3 Rc8 12. Bg5 Be6 13. b3 a6 14. Ba4 b5 15. cxb5 Nd7 16. Rac1 Nc5 17. Qe3 Nxa4 18. Nxa4 axb5 19. Nb6 Rb8 20. Nd5 f6 21. Bh6 Bd7 22. Bxg7 Kxg7 23. Nd4 Rb7 24. Qc3 Kf7 25. Rfd1 e6 26. Nb4 Qb6 27. Qe3 Rc8 28. Rxc8 Bxc8 29. Rc1 Bd7 30. Qc3 Ra7 31. Nf3 Ra8 32. Rd1 Rd8 33. Qd2 Nb7 34. Nd3 Bc6 35. Qh6 Kg8 36. Nf4 Nc5 37. Nd4 Bd7 38. Nxg6 hxg6 39. Qxg6+ Kf8 40. Qxf6+ Ke8 41. b4 Nxe4 42. Qg6+ Ke7 43. Qxe4 Rf8 44. Qh4+ Ke8 45. Nf3 e5 46. Qh6 Ke7 47. Nxe5 Rxf2 48. Nxd7 1-0

[Event "ARG-ch 99th"]
[Site "Buenos Aires"]
[Date "2024.12.05"]
[Round "10"]
[White "Coro, Lucas"]
[Black "Krysa, Leandro Sergio"]
[Result "1/2-1/2"]
[WhiteElo "2401"]
[BlackElo "2496"]
[PlyCount "65"]
[EventDate "2024.11.26"]
[EventType "tourn"]
[EventRounds "11"]
[EventCountry "ARG"]
[EventCategory "9"]
[SourceTitle "CB50_2024"]
[SourceDate "2024.11.01"]
[SourceVersion "1"]
[SourceVersionDate "2024.11.01"]
[SourceQuality "2"]

1. e4 e5 2. Bc4 Nf6 3. d3 Bc5 4. Nf3 d6 5. 0-0 a5 6. a4 Nc6 7. c3 Ba7 8. Re1 0-0 9. h3 Ne7 10. Bg5 Ng6 11. Nh4 Kh8 12. Nd2 h6 13. Nxg6+ fxg6 14. Be3 Bxe3 15. Rxe3 g5 16. Nf1 g4 17. h4 Nh5 18. g3 Nf4 19. gxf4 exf4 20. Re2 f3 21. Re3 Qxh4 22. Ng3 c6 23. d4 h5 24. e5 d5 25. e6 dxc4 26. Re5 g6 27. Qd2 Kh7 28. e7 Re8 29. Qf4 Qh3 30. Qf7+ Kh6 31. Qf8+ Kh7 32. Qf7+ Kh6 33. Qf8+ 1/2-1/2

[Event "ARG-ch 99th"]
[Site "Buenos Aires"]
[Date "2024.12.02"]
[Round "7"]
[White "Valerga, Diego"]
[Black "Coro, Lucas"]
[Result "1/2-1/2"]
[WhiteElo "2445"]
[BlackElo "2401"]
[PlyCount "61"]
[EventDate "2024.11.26"]
[EventType "tourn"]
[EventRounds "11"]
[EventCountry "ARG"]
[EventCategory "9"]
[SourceTitle "CB50_2024"]
[SourceDate "2024.11.01"]
[SourceVersion "1"]
[SourceVersionDate "2024.11.01"]
[SourceQuality "2"]

1. e4 c5 2. Nf3 e6 3. d4 cxd4 4. Nxd4 Nf6 5. Nc3 Nc6 6. Nxc6 bxc6 7. e5 Nd5 8. Ne4 Qc7 9. f4 Qb6 10. c4 Bb4+ 11. Ke2 f5 12. Nf2 Ba6 13. Kf3 Ne7 14. Be3 Bc5 15. Bxc5 Qxc5 16. Qd6 Qb6 17. b3 c5 18. h4 Rd8 19. Ke3 Nc8 20. Qxb6 axb6 21. a4 d6 22. Nd3 Kd7 23. a5 Kc7 24. axb6+ Kxb6 25. exd6 Nxd6 26. Nxc5 Kxc5 27. Rxa6 Rb8 28. Ra5+ Kb4 29. Ra6 Kc5 30. Ra5+ Kb4 31. Ra6 1/2-1/2

[Event "ARG-ch 99th"]
[Site "Buenos Aires"]
[Date "2024.11.27"]
[Round "2"]
[White "Coro, Lucas"]
[Black "Acosta, Pablo Ismael"]
[Result "1-0"]
[WhiteElo "2401"]
[BlackElo "2454"]
[PlyCount "81"]
[EventDate "2024.11.26"]
[EventType "tourn"]
[EventRounds "11"]
[EventCountry "ARG"]
[EventCategory "9"]
[SourceTitle "CB50_2024"]
[SourceDate "2024.11.01"]
[SourceVersion "1"]
[SourceVersionDate "2024.11.01"]
[SourceQuality "2"]

1. e4 e6 2. d4 d5 3. Nc3 Bb4 4. exd5 exd5 5. Bd3 Ne7 6. Nge2 c5 7. dxc5 Bxc5 8. 0-0 Bg4 9. Bg5 f6 10. Bf4 Nbc6 11. Qd2 0-0 12. Ng3 a6 13. Rae1 Qd7 14. Na4 Ba7 15. Qc3 g5 16. Bd2 Qd6 17. b4 h5 18. Nc5 h4 19. Be2 Bc8 20. Nh5 Rf7 21. a3 a5 22. Bf3 axb4 23. axb4 Bb8 24. g3 Ne5 25. Bg2 h3 26. Bh1 Nc4 27. Bc1 b6 28. Nb3 b5 29. Rxe7 Qxe7 30. Bxd5 Bb7 31. Nxf6+ Kf8 32. Bxg5 Qe5 33. Bh6+ Ke7 34. Re1 Kxf6 35. Rxe5 Nxe5 36. Bxb7 Rxb7 37. Bf4 Rd7 38. Kf1 Ra3 39. Qc8 Re7 40. Qh8+ Kf7 41. Qxb8 1-0

[Event "Villa Martelli ProAm op 31st"]
[Site "Villa Martelli"]
[Date "2024.10.27"]
[Round "9"]
[White "Cumpe, Lucas"]
[Black "Coro, Lucas"]
[Result "1/2-1/2"]
[WhiteElo "2286"]
[BlackElo "2359"]
[PlyCount "28"]
[EventDate "2024.10.19"]
[EventType "swiss"]
[EventRounds "9"]
[EventCountry "ARG"]
[SourceTitle "CB44_2024"]
[Source "Chessbase"]
[SourceDate "2024.10.30"]
[SourceVersion "1"]
[SourceVersionDate "2024.10.30"]
[SourceQuality "1"]

1. e4 c5 2. Nf3 Nc6 3. Bb5 g6 4. Bxc6 dxc6 5. 0-0 Bg7 6. d3 Nf6 7. Nc3 0-0 8. h3 Nd7 9. a4 a5 10. Be3 e5 11. Nd2 b6 12. Nc4 Ba6 13. b3 Qc7 14. Qd2 Rfe8 1/2-1/2

[Event "Villa Martelli ProAm op 31st"]
[Site "Villa Martelli"]
[Date "2024.10.23"]
[Round "5"]
[White "Tokman, Ariel"]
[Black "Coro, Lucas"]
[Result "0-1"]
[WhiteElo "2399"]
[BlackElo "2359"]
[PlyCount "90"]
[EventDate "2024.10.19"]
[EventType "swiss"]
[EventRounds "9"]
[EventCountry "ARG"]
[SourceTitle "CB44_2024"]
[Source "Chessbase"]
[SourceDate "2024.10.30"]
[SourceVersion "1"]
[SourceVersionDate "2024.10.30"]
[SourceQuality "1"]

1. Nf3 g6 2. d4 Bg7 3. g3 c5 4. Bg2 cxd4 5. Nxd4 Nc6 6. c3 Nf6 7. 0-0 d5 8. Bf4 0-0 9. Nd2 Nh5 10. Be3 e5 11. Nxc6 bxc6 12. Nb3 h6 13. Qd2 Kh7 14. Rad1 Re8 15. Bc5 Ba6 16. Bb4 Bb5 17. Nc5 a5 18. Ba3 Qc7 19. b3 a4 20. c4 dxc4 21. bxc4 Bxc4 22. Qc2 Be6 23. Nxe6 Rxe6 24. Bh3 Ree8 25. Rd7 Qc8 26. Kg2 f5 27. Rfd1 Nf6 28. R7d6 c5 29. Kg1 c4 30. Bg2 Ra6 31. R6d2 e4 32. e3 c3 33. Rd4 Ng4 34. Rxa4 Rxa4 35. Qxa4 Qa8 36. Qb3 Rb8 37. Bb4 Rxb4 38. Qxb4 Qxa2 39. Rf1 Ne5 40. f3 Nd3 41. Qb5 Qe2 42. fxe4 Qxe3+ 43. Kh1 Nf2+ 44. Rxf2 Qxf2 45. exf5 Qxf5 0-1

[Event "Villa Martelli ProAm op 31st"]
[Site "Villa Martelli"]
[Date "2024.10.21"]
[Round "3"]
[White "Toniutti, Ezio"]
[Black "Coro, Lucas"]
[Result "0-1"]
[WhiteElo "2208"]
[BlackElo "2359"]
[PlyCount "86"]
[EventDate "2024.10.19"]
[EventType "swiss"]
[EventRounds "9"]
[EventCountry "ARG"]
[SourceTitle "CB44_2024"]
[Source "Chessbase"]
[SourceDate "2024.10.30"]
[SourceVersion "1"]
[SourceVersionDate "2024.10.30"]
[SourceQuality "1"]

1. d4 Nf6 2. c4 g6 3. Nc3 Bg7 4. e4 d6 5. h3 0-0 6. Be3 Nbd7 7. g4 c5 8. Nf3 a6 9. Bg2 cxd4 10. Nxd4 Ne5 11. b3 Bd7 12. f4 Nc6 13. 0-0 Nxd4 14. Bxd4 Bc6 15. e5 dxe5 16. fxe5 Ne8 17. Bxc6 bxc6 18. Na4 Nc7 19. Bc5 Qe8 20. Qe2 Ne6 21. Rad1 Rd8 22. Qe3 g5 23. Ba3 Nf4 24. Nc5 Rxd1 25. Rxd1 Qc8 26. Nd3 Qd7 27. Nf2 Qe6 28. Qc5 Nxh3+ 29. Kg2 Nxf2 30. Kxf2 Qxg4 31. Rd3 Qf5+ 32. Rf3 Qc2+ 33. Kg3 h5 34. Qe3 h4+ 35. Kg4 Qg2+ 36. Kh5 Re8 37. Rf5 h3 38. Qxg5 Qe2+ 39. Qg4 Qxg4+ 40. Kxg4 h2 41. Rh5 Bxe5 42. Kf5 f6 43. Kg6 Rf8 0-1

[Event "ARG-ch sf 99th"]
[Site "Buenos Aires"]
[Date "2024.06.06"]
[Round "6"]
[White "Slipak, Sergio"]
[Black "Coro, Lucas"]
[Result "1/2-1/2"]
[WhiteElo "2374"]
[BlackElo "2304"]
[PlyCount "37"]
[EventDate "2024.06.01"]
[EventType "swiss"]
[EventRounds "9"]
[EventCountry "ARG"]
[SourceTitle "CBM 220 Extra"]
[Source "ChessBase"]
[SourceDate "2024.07.31"]
[SourceVersion "1"]
[SourceVersionDate "2024.07.31"]
[SourceQuality "1"]

1. c4 g6 2. Nf3 Bg7 3. d4 Nf6 4. Nc3 0-0 5. Bg5 h6 6. Bh4 c5 7. d5 d6 8. e3 Bf5 9. Bd3 Bxd3 10. Qxd3 Nbd7 11. 0-0 g5 12. Bg3 Nh5 13. a4 f5 14. a5 a6 15. Ra3 Rb8 16. Rb1 Qe8 17. Na4 f4 18. exf4 Nxf4 19. Bxf4 1/2-1/2

[Event "ARG-ch sf 99th"]
[Site "Buenos Aires"]
[Date "2024.06.03"]
[Round "3"]
[White "Coro, Lucas"]
[Black "Mavrich, Demian"]
[Result "1-0"]
[WhiteElo "2304"]
[BlackElo "2202"]
[PlyCount "97"]
[EventDate "2024.06.01"]
[EventType "swiss"]
[EventRounds "9"]
[EventCountry "ARG"]
[SourceTitle "CBM 220 Extra"]
[Source "ChessBase"]
[SourceDate "2024.07.31"]
[SourceVersion "1"]
[SourceVersionDate "2024.07.31"]
[SourceQuality "1"]

1. e4 e6 2. d4 d5 3. Nc3 Nf6 4. Bg5 h6 5. Bxf6 Qxf6 6. exd5 Bb4 7. Bb5+ c6 8. dxc6 Nxc6 9. Nf3 0-0 10. 0-0 Rd8 11. Ne4 Qf4 12. Bxc6 bxc6 13. Qe2 a5 14. c4 a4 15. Rfd1 Be7 16. Ne5 Bd7 17. Rd3 Be8 18. Rf3 Qh4 19. Qe3 Bg5 20. Nxg5 hxg5 21. Rd1 c5 22. d5 exd5 23. cxd5 f6 24. Nc6 Bxc6 25. Qe6+ Kf8 26. Qxc6 Rac8 27. Qe6 Re8 28. Qd7 Qd4 29. Rf1 Rcd8 30. Qc6 Rxd5 31. h3 Rd6 32. Qc7 Rd7 33. Qb6 Qb4 34. Qc6 Rd2 35. a3 Qc4 36. g3 Rxb2 37. Rxf6+ gxf6 38. Qxf6+ Kg8 39. Qxb2 Re2 40. Qf6 Qd5 41. Qg6+ Kf8 42. Rb1 Re8 43. Kh2 c4 44. Rb6 c3 45. Qf6+ Kg8 46. Qg6+ Kf8 47. Qh6+ Ke7 48. Qg7+ Kd8 49. Rb8# 1-0

[Event "Mar del Plata op 53rd"]
[Site "Mar del Plata"]
[Date "2024.03.30"]
[Round "8"]
[White "Coro, Lucas"]
[Black "Unhold, Valentin"]
[Result "0-1"]
[WhiteElo "2316"]
[BlackElo "2146"]
[PlyCount "104"]
[EventDate "2024.03.23"]
[EventType "swiss"]
[EventRounds "9"]
[EventCountry "ARG"]
[SourceTitle "CBM 219 Extra"]
[Source "ChessBase"]
[SourceDate "2024.05.31"]
[SourceVersion "1"]
[SourceVersionDate "2024.05.31"]
[SourceQuality "1"]

1. e4 e5 2. Nf3 Nc6 3. Bb5 a6 4. Ba4 Nf6 5. d3 Bc5 6. 0-0 d6 7. c3 0-0 8. Re1 Ba7 9. Bg5 h6 10. Bh4 g5 11. Bg3 Ne7 12. d4 Ng6 13. Nbd2 Bg4 14. h3 Bh5 15. Qc2 Qe7 16. Bb3 Kh8 17. Qd3 Rg8 18. Nc4 Nf4 19. Bxf4 gxf4 20. Kh2 Rg7 21. Re2 Rag8 22. Rg1 Nh7 23. Ree1 Bxf3 24. Qxf3 Qh4 25. Nd2 exd4 26. Ref1 dxc3 27. bxc3 Ng5 28. Qe2 f3 29. Nxf3 Qf4+ 30. Kh1 Qxe4 31. Bd1 Qxe2 32. Bxe2 Ne4 33. g4 Bxf2 34. Bd3 Bxg1 35. Bxe4 Bc5 36. Bxb7 h5 37. g5 Rf8 38. Bxa6 f6 39. h4 fxg5 40. hxg5 Be3 41. Bb7 Bxg5 42. a4 Rb8 43. Bd5 Be3 44. Re1 Bb6 45. Re6 Rg4 46. c4 Kg7 47. Kh2 Ba5 48. Re7+ Kf6 49. Rf7+ Kg6 50. Kh3 c6 51. Be6 Re8 52. Ra7 Rxe6 0-1

[Event "Buenos Aires FAOGBA op 2nd"]
[Site "Buenos Aires"]
[Date "2024.03.16"]
[Round "5"]
[White "Unhold, Valentin"]
[Black "Coro, Lucas"]
[Result "1/2-1/2"]
[WhiteElo "2146"]
[BlackElo "2316"]
[PlyCount "128"]
[EventDate "2024.03.12"]
[EventType "swiss"]
[EventRounds "9"]
[EventCountry "ARG"]
[SourceTitle "CBM 219 Extra"]
[Source "ChessBase"]
[SourceDate "2024.05.31"]
[SourceVersion "1"]
[SourceVersionDate "2024.05.31"]
[SourceQuality "1"]

1. d4 Nf6 2. c4 e6 3. Nf3 b6 4. g3 Ba6 5. b3 Bb4+ 6. Bd2 Be7 7. Nc3 0-0 8. e4 d5 9. cxd5 Bxf1 10. Kxf1 exd5 11. e5 Ne4 12. Kg2 Nc6 13. Re1 Nxc3 14. Bxc3 Qd7 15. Ng1 Nd8 16. f4 Qf5 17. Qf3 Ne6 18. Ne2 c5 19. Rad1 cxd4 20. Nxd4 Nxd4 21. Rxd4 Rac8 22. Qd3 Qxd3 23. Rxd3 d4 24. Bd2 b5 25. Rxd4 Rc2 26. Kf3 Rxa2 27. Rc1 a5 28. Rc7 Bd8 29. Rb7 b4 30. Rdd7 Rb2 31. e6 Bf6 32. exf7+ Kh8 33. Rd6 Rxb3+ 34. Ke2 Rb2 35. Re6 Rc2 36. Re8 Rc8 37. Rxc8 Rxc8 38. Rb6 Be7 39. Re6 Rc7 40. Ra6 g6 41. Rxa5 Rb7 42. Kd3 Kg7 43. Ra1 Kxf7 44. Rb1 Ke6 45. Kc4 Kf5 46. h3 Ke4 47. g4 Bd6 48. f5 Rc7+ 49. Kb3 gxf5 50. gxf5 Kxf5 51. Rg1 Ke4 52. Rg4+ Kf3 53. Rd4 Be7 54. Rg4 Ke2 55. Bxb4 Bxb4 56. Kxb4 Kf3 57. Kb5 Kf2 58. Kb6 Rf7 59. Kc6 Rf5 60. Kd6 h5 61. Ra4 Kg3 62. Ke6 Rb5 63. h4 Rb8 64. Kf5 Rg8 1/2-1/2

[Event "Buenos Aires FAOGBA op 2nd"]
[Site "Buenos Aires"]
[Date "2024.03.15"]
[Round "4"]
[White "Coro, Lucas"]
[Black "Flores, Diego"]
[Result "0-1"]
[WhiteElo "2316"]
[BlackElo "2530"]
[PlyCount "46"]
[EventDate "2024.03.12"]
[EventType "swiss"]
[EventRounds "9"]
[EventCountry "ARG"]
[SourceTitle "CBM 219 Extra"]
[Source "ChessBase"]
[SourceDate "2024.05.31"]
[SourceVersion "1"]
[SourceVersionDate "2024.05.31"]
[SourceQuality "1"]

1. Nf3 Nf6 2. g3 d5 3. Bg2 Bf5 4. 0-0 e6 5. d3 Be7 6. Nh4 Bg4 7. h3 Bh5 8. f4 c6 9. Qe1 Na6 10. e4 Nd7 11. Nf3 Bxf3 12. Bxf3 dxe4 13. dxe4 g5 14. Be3 gxf4 15. gxf4 Bc5 16. Bxc5 Naxc5 17. Nd2 Qf6 18. Qe3 Rg8+ 19. Kh2 Qxb2 20. Rfc1 e5 21. Nc4 exf4 22. Qd2 Ne5 23. Qf2 Qd4 0-1

[Event "Villa Ballester op 73rd"]
[Site "Buenos Aires"]
[Date "2024.01.28"]
[Round "9"]
[White "Gaztanaga, Pablo"]
[Black "Coro, Lucas"]
[Result "0-1"]
[WhiteElo "1994"]
[BlackElo "2296"]
[PlyCount "98"]
[EventDate "2024.01.19"]
[EventType "swiss"]
[EventRounds "9"]
[EventCountry "ARG"]
[SourceTitle "CBM 218 Extra"]
[Source "ChessBase"]
[SourceDate "2024.03.31"]
[SourceVersion "1"]
[SourceVersionDate "2024.03.31"]
[SourceQuality "1"]

1. e4 c5 2. Nf3 Nc6 3. d4 cxd4 4. Nxd4 e6 5. c4 Nf6 6. Nc3 Bb4 7. Nxc6 bxc6 8. Bd3 e5 9. 0-0 0-0 10. Be3 d6 11. h3 Be6 12. Qa4 Qa5 13. Qxa5 Bxa5 14. Bg5 Bd8 15. Rfd1 Nd7 16. Bxd8 Rfxd8 17. Rd2 Kf8 18. Rad1 Ke7 19. b3 Nc5 20. Bc2 a5 21. a3 Rab8 22. Rb1 Bc8 23. b4 axb4 24. axb4 Ne6 25. b5 Bb7 26. Ba4 cxb5 27. Bxb5 Nc5 28. f3 Ra8 29. Na2 Ra3 30. Nb4 Rc8 31. Ra2 Rxa2 32. Nxa2 g6 33. Nb4 f5 34. exf5 gxf5 35. Ra1 Ke6 36. Kf2 h5 37. Ra3 h4 38. Ra7 e4 39. f4 Rg8 40. Nc2 Rg3 41. Kf1 Kf6 42. Ra3 Nd3 43. Ra7 Rg7 44. Ba6 Bxa6 45. Rxa6 Nxf4 46. Rxd6+ Ke5 47. Rd2 Rb7 48. Ne3 Nd3 49. Nc2 Rb1+ 0-1

[Event "Villa Ballester op 73rd"]
[Site "Buenos Aires"]
[Date "2024.01.26"]
[Round "7"]
[White "Axarlian, Carlos"]
[Black "Coro, Lucas"]
[Result "1/2-1/2"]
[WhiteElo "2014"]
[BlackElo "2296"]
[PlyCount "101"]
[EventDate "2024.01.19"]
[EventType "swiss"]
[EventRounds "9"]
[EventCountry "ARG"]
[SourceTitle "CBM 218 Extra"]
[Source "ChessBase"]
[SourceDate "2024.03.31"]
[SourceVersion "1"]
[SourceVersionDate "2024.03.31"]
[SourceQuality "1"]

1. e4 c6 2. d4 d5 3. e5 Bf5 4. h4 Qc7 5. g4 Bd7 6. c4 dxc4 7. Bxc4 c5 8. Qf3 e6 9. d5 Qxe5+ 10. Ne2 Qc7 11. Nbc3 Bd6 12. Nf4 Ne7 13. dxe6 fxe6 14. Nxe6 Bxe6 15. Bxe6 Rf8 16. Qe2 Nbc6 17. Nb5 Qb8 18. Qd3 Nd4 19. Nxd4 cxd4 20. Bd2 Rf6 21. Bb3 Bf4 22. Bb4 Qc7 23. Qxd4 Rd8 24. Qe4 Be5 25. Bxe7 Qxe7 26. Qa4+ Kf8 27. Kf1 Rd2 28. Qxa7 Bg3 29. Qa8+ Rd8 30. Qa4 Rxf2+ 31. Kg1 Bd6 32. Qa5 Rg2+ 33. Kxg2 Qe2+ 34. Kg1 Qe3+ 35. Kg2 Qg3+ 36. Kf1 Qf4+ 37. Kg2 Qe4+ 38. Kf1 Qf4+ 39. Kg2 Qe4+ 40. Kf1 Qxg4 41. Kf2 Qf4+ 42. Kg1 Qe3+ 43. Kg2 Qe4+ 44. Kg1 Qe3+ 45. Kg2 Qe4+ 46. Kg1 Qd4+ 47. Kg2 Qg4+ 48. Kf1 Qf3+ 49. Kg1 Qe3+ 50. Kg2 Qe4+ 51. Kg1 1/2-1/2